Financial statements (Record no. 63119)

MARC details
000 -LEADER
fixed length control field 00807nam a2200193 a 4500
008 - FIXED-LENGTH DATA ELEMENTS--GENERAL INFORMATION
fixed length control field 120416s1979 ||||||||||||||||| || u
050 ## - LIBRARY OF CONGRESS CALL NUMBER
Classification number HF 5681.B2 Mac
100 ## - MAIN ENTRY--PERSONAL NAME
Personal name McMullen, Stewart Yarwood
245 10 - TITLE STATEMENT
Title Financial statements
246 ## -
-- form, analysis and interpretation
250 ## - EDITION STATEMENT
Edition statement 7th.ed
260 ## - PUBLICATION, DISTRIBUTION, ETC.
Place of publication, distribution, etc. Homewood.Ill.
Name of publisher, distributor, etc. Irwin
Date of publication, distribution, etc. 1979
300 ## - PHYSICAL DESCRIPTION
Extent xiii, 585p. : ill.
350 ## -
-- 0.00
650 #0 - SUBJECT ADDED ENTRY--TOPICAL TERM
Topical term or geographic name entry element ACCOUNTING--HANDBOOKS, MANUALS, ETC
650 ## - SUBJECT ADDED ENTRY--TOPICAL TERM
Topical term or geographic name entry element FINANCIAL ACCOUNTING
995 ## -
-- ANNEX COLLECTION (Main Library)
-- 0.00
-- 704441
-- CBU-MAIN LIBRARY (Kitwe)
-- 1
-- 0.00
-- HF 5681.B2 Mac
-- 1
-- AVAILABLE
-- 006810
-- Annex Low-Usage Collection
995 ## -
-- ANNEX COLLECTION (Main Library)
-- 0.00
-- 704442
-- CBU-MAIN LIBRARY (Kitwe)
-- 2
-- 0.00
-- HF 5681.B2 Mac
-- 2
-- AVAILABLE
-- 006811
-- Annex Low-Usage Collection
999 ## -
-- 63119
-- 63119
Holdings
Withdrawn status Lost status Source of classification or shelving scheme Damaged status Not for loan Permanent Location Current Location Shelving location Date acquired Total Checkouts Full call number Barcode Date last seen Price effective from Koha item type
          CBU-MAIN LIBRARY, KITWE. CBU-MAIN LIBRARY, KITWE.   12/24/2022   HF 5681.B2 Mac 006810 12/24/2022 12/24/2022 MONOGRAPH
          CBU-MAIN LIBRARY, KITWE. CBU-MAIN LIBRARY, KITWE.   12/24/2022   HF 5681.B2 Mac 006811 12/24/2022 12/24/2022 MONOGRAPH